Nová sociálně-ekonomická agenda Evropské komise a postavení spotřebitelů
Priority novej Európskej komisie a novej predsedkyne komisie Ursuly von der Leyenovej. Postavenie spotrebiteľov a ich informovanosť, a to predovšetkým s ohľadom na transformačné procesy, ako v environmentálnej oblasti, tak aj v oblasti prechodu na nové digitálne technológie.
Salvato in:
| Autore principale: | |
|---|---|
| Natura: | Capitolo di libro |
| Lingua: | ceco |
| Soggetti: | |
| Tags: |
Nessun Tag, puoi essere il primo ad aggiungerne!!
|
MARC
| LEADER | 00000naa a2200000 4500 | ||
|---|---|---|---|
| 001 | 0260890 | ||
| 005 | 20200110104002.4 | ||
| 041 | 0 | |a cze | |
| 044 | |a CZ | ||
| 245 | 1 | 0 | |a Nová sociálně-ekonomická agenda Evropské komise a postavení spotřebitelů |c Kryštof Kruliš |
| 520 | |a Priority novej Európskej komisie a novej predsedkyne komisie Ursuly von der Leyenovej. Postavenie spotrebiteľov a ich informovanosť, a to predovšetkým s ohľadom na transformačné procesy, ako v environmentálnej oblasti, tak aj v oblasti prechodu na nové digitálne technológie. | ||
| 610 | 2 | 0 | |a Európska únia |
| 610 | 2 | 0 | |a Európska komisia |
| 610 | 2 | 0 | |a práva spotrebiteľské |
| 610 | 2 | 0 | |a transformácia |
| 610 | 2 | 0 | |a informácie |
| 610 | 2 | 0 | |a politika spotrebiteľská |
| 610 | 2 | 0 | |a technológie nové |
| 100 | 1 | |a Kruliš, Kryštof | |